| 000 | 00539nam a2200169 a 4500 | ||
|---|---|---|---|
| 005 | 20210223120905.0 | ||
| 008 | 991125s1937 mx 000 0 spa u | ||
| 035 | _aUPN01000008763 | ||
| 049 | _aSEP | ||
| 050 | 4 |
_aL227 D492 _bB2 1937 |
|
| 110 | 2 | _aComisión Mexicana de Cooperación Intelectual | |
| 245 | 1 | 0 |
_aComisión Mexicana de Cooperación Intelectual : _borganización y trabajo. |
| 260 |
_aMéxico : _bSEP, _c1937. |
||
| 300 | _a138 p. | ||
| 610 | 2 | 4 |
_aCOMISION MEXICANA DE COOPERACION INTELECTUAL - _vINFORMES _911027 |
| 905 | _aLibro | ||
| 999 |
_c8763 _d8763 |
||